Detalles MARC
| 000 -LEADER |
| fixed length control field |
02125nas a2200505 i 4500 |
| 001 - CONTROL NUMBER |
| control field |
67171 |
| 003 - CONTROL NUMBER IDENTIFIER |
| control field |
Mx-PuUPA |
| 005 - DATE AND TIME OF LATEST TRANSACTION |
| control field |
20201201121822.0 |
| 008 - FIXED-LENGTH DATA ELEMENTS--GENERAL INFORMATION |
| fixed length control field |
170418c19769999mx wr pdd 0 a0spa d |
| 022 ## - INTERNATIONAL STANDARD SERIAL NUMBER |
| International Standard Serial Number |
1665-9309 |
| 024 8# - OTHER STANDARD IDENTIFIER |
| Source of number or code |
acnp |
| Standard number or code |
3128424 |
| 040 ## - CATALOGING SOURCE |
| Original cataloging agency |
Mx-PuUPA |
| Language of cataloging |
spa |
| Transcribing agency |
Mx-PuUPA |
| Modifying agency |
Mx-PuUPA |
| Description conventions |
rda |
| 041 0# - LANGUAGE CODE |
| Language code of text/sound track or separate title |
spa |
| 082 04 - DEWEY DECIMAL CLASSIFICATION NUMBER |
| Classification number |
320.972 |
| 130 0# - MAIN ENTRY--UNIFORM TITLE |
| Uniform title |
Proceso |
| 210 1# - ABBREVIATED TITLE |
| Abbreviated title |
Proceso |
| Qualifying information |
(México, D.F.) |
| 222 #0 - KEY TITLE |
| Key title |
Proceso |
| Qualifying information |
(revista) |
| 245 10 - TITLE STATEMENT |
| Title |
Proceso : |
| Remainder of title |
semanario de información y análisis |
| 246 13 - VARYING FORM OF TITLE |
| Title proper/short title |
Proceso revista mexicana |
| 246 13 - VARYING FORM OF TITLE |
| Title proper/short title |
Revista proceso |
| 246 10 - VARYING FORM OF TITLE |
| Title proper/short title |
Semanario de información y análisis |
| 264 #2 - PRODUCTION, PUBLICATION, DISTRIBUTION, MANUFACTURE, AND COPYRIGHT NOTICE |
| Place of production, publication, distribution, manufacture |
México, D.F. : |
| Name of producer, publisher, distributor, manufacturer |
CISA Comunicación e Información, |
| Date of production, publication, distribution, manufacture, or copyright notice |
1976- |
| 264 #1 - PRODUCTION, PUBLICATION, DISTRIBUTION, MANUFACTURE, AND COPYRIGHT NOTICE |
| Place of production, publication, distribution, manufacture |
México, D.F. : |
| Name of producer, publisher, distributor, manufacturer |
Ediciones proceso, |
| Date of production, publication, distribution, manufacture, or copyright notice |
1976- |
| 310 ## - CURRENT PUBLICATION FREQUENCY |
| Current publication frequency |
Semanal |
| 336 ## - CONTENT TYPE |
| Content type term |
texto |
| Source |
rdacontent |
| Content type code |
txt |
| 337 ## - MEDIA TYPE |
| Media type term |
sin medio |
| Source |
rdamedia |
| Media type code |
n |
| 337 ## - MEDIA TYPE |
| Media type term |
computadora |
| Source |
rdamedia |
| Media type code |
c |
| 338 ## - CARRIER TYPE |
| Carrier type term |
volumen |
| Source |
rdacarrier |
| Carrier type code |
nc |
| 338 ## - CARRIER TYPE |
| Carrier type term |
remoto |
| Source |
rdacarrier |
| Carrier type code |
cr |
| 362 1# - DATES OF PUBLICATION AND/OR SEQUENTIAL DESIGNATION |
| Dates of publication and/or sequential designation |
Empezó en noviembre de 1976- |
| 500 ## - GENERAL NOTE |
| General note |
Fundador: Julio Scherer García (1926-2015). |
| 500 ## - GENERAL NOTE |
| General note |
Director: Año 38, edición especial 50 (agosto 2015)- , Rafael Rodríguez Castañeda. |
| 500 ## - GENERAL NOTE |
| General note |
Editor: Año 38, edición especial 50 (agosto 2015)- , Marco Antonio Cruz. |
| 500 ## - GENERAL NOTE |
| General note |
Cada número tiene un título temático. |
| 515 ## - NUMBERING PECULIARITIES NOTE |
| Numbering peculiarities note |
Algunos ejemplares aparece el Año. |
| 515 ## - NUMBERING PECULIARITIES NOTE |
| Numbering peculiarities note |
Año, 33, no. 29, consta de dos partes. |
| 525 ## - SUPPLEMENT NOTE |
| Supplement note |
Tiene numerosos suplementos. |
| 530 ## - ADDITIONAL PHYSICAL FORM AVAILABLE NOTE |
| Additional physical form available note |
Publicada en formato electrónico. |
| 588 1# - SOURCE OF DESCRIPTION NOTE |
| Source of description note |
Descripción basada en: año. 1, no. 1 (noviembre, 1976)- ; título de la cubierta.<br/> |
| 650 #4 - SUBJECT ADDED ENTRY--TOPICAL TERM |
| Topical term or geographic name entry element |
Publicaciones periódicas mexicanas |
| Form subdivision |
Ciudad de México |
| 651 #4 - SUBJECT ADDED ENTRY--GEOGRAPHIC NAME |
| Geographic name |
México |
| General subdivision |
Política y gobierno |
| Form subdivision |
Publicaciones periódicas |
| 856 41 - ELECTRONIC LOCATION AND ACCESS |
| Host name |
biblioteca.upaep.mx/ |
| Uniform Resource Identifier |
<a href="http://ezproxy.upaep.mx:2144/proceso/">http://ezproxy.upaep.mx:2144/proceso/</a> |
| Link text |
Acceso a la versión electrónica a través de Bibliotecas UPAEP siguiendo la ruta: lo que tenemos para ti - revistas electrónicas - Procesos |
| Public note |
-- Usar ID / contraseña de UNISOFT |
| 942 ## - ADDED ENTRY ELEMENTS (KOHA) |
| Source of classification or shelving scheme |
Dewey Decimal Classification |
| Koha item type |
Revista |
| Classification part |
320.972 |
| Serial record |
1 |
| 998 ## - LOCAL CONTROL INFORMATION (RLIN) |
| Cataloger's initials, CIN (RLIN) |
balv |